000 00505nam a22001697i 4500
001 3287
003 OSt
005 20170126082317.0
007 tu
008 161220s1995 xxu||||| |||| 00| 0 d
024 7 _a3286
_2RID
040 _cOSt
100 1 _aSchaechter, Kurt Werner
245 0 0 _aEin wirtschaftliches und monetäres Projekt für Mitteleuropa. Zweiter Teil: Juristische Betrachtungen. Dritter Teil: Originaltext des Benelux Staatsvertrages.
260 _aAlfortville,
_c1995.
300 _a87 S. ;
_c30cm.
942 _cB
999 _c3239
_d3239